Musicians by Biopic - Statistics

General Stats
  • This quiz has been taken 66 times
  • The average score is 16 of 25
Answer Stats
Year Title Musician % Correct
2022/2023 {Elvis}/Priscilla Elvis Presley
100%
2024 {Bob Marley}: One Love Bob Marley
98%
2019 Rocketman Elton John
98%
2018 Bohemian Rhapsody Queen/Freddie Mercury
98%
2022 {Whitney Houston}: I Wanna Dance With Somebody Whitney Houston
98%
2021 The United States vs. {Billie Holiday} Billie Holiday
95%
2004 {Ray} Ray Charles
91%
2024 Back to Black Amy Winehouse
88%
2022 {Weird}: The {Al Yankovic} Story "Weird Al" Yankovic
88%
2005 Walk the Line Johnny Cash
86%
2009 {Notorious} Notorious B.I.G.
84%
2021 Respect Aretha Franklin
79%
1997 {Selena} Selena Quintanilla-Pérez
75%
2009 Nowhere Boy John Lennon
74%
2016 {Nina} Nina Simone
67%
1993 What's Love Got to Do With It Tina Turner
65%
2007/2024 I'm Not There/A Complete Unknown Bob Dylan
56%
1989 Great Balls of Fire! Jerry Lee Lewis
56%
2017 All Eyez on Me Tupac Shakur
54%
2014 Get on Up James Brown
30%
1980 Coal Miner's Daughter Loretta Lynn
25%
2021 Tick, Tick...BOOM! Jonathan Larson
12%
2018 I Can Only Imagine Bart Millard
4%
2020 I Still Believe Jeremy Camp
4%
2013 One Chance Paul Potts
4%
No matching quizzes found
Score Distribution
Percent of People with Each Score
Percentile by Number Answered
Your Score History
You have not taken this quiz